Satan: (Record no. 2801)

MARC details
000 -LEADER
fixed length control field 00432nam a2200169Ia 4500
003 - CONTROL NUMBER IDENTIFIER
control field GBCCL
005 - DATE AND TIME OF LATEST TRANSACTION
control field 20241126110440.0
008 - FIXED-LENGTH DATA ELEMENTS--GENERAL INFORMATION
fixed length control field 170921b xxu||||| |||| 00| 0 eng d
040 ## - CATALOGING SOURCE
Transcribing agency gbc
082 ## - DEWEY DECIMAL CLASSIFICATION NUMBER
Classification number 235.47
Item number ZOL
100 ## - MAIN ENTRY--PERSONAL NAME
Personal name Zoller, John E.
9 (RLIN) 5900
245 ## - TITLE STATEMENT
Title Satan:
Remainder of title his personality and work
260 ## - PUBLICATION, DISTRIBUTION, ETC.
Name of publisher, distributor, etc. Zondervan,
Place of publication, distribution, etc. Grand Rapids :
Date of publication, distribution, etc. 1972.
300 ## - PHYSICAL DESCRIPTION
Extent 255p. ;
650 ## - SUBJECT ADDED ENTRY--TOPICAL TERM
Topical term or geographic name entry element Satan
9 (RLIN) 5901
942 ## - ADDED ENTRY ELEMENTS (KOHA)
Edition 2ND PRINTING
Source of classification or shelving scheme Dewey Decimal Classification
Koha item type Books
Koha issues (borrowed), all copies 8
Holdings
Withdrawn status Lost status Source of classification or shelving scheme Damaged status Not for loan Home library Current Library Shelving location Date acquired Total checkouts Full call number Barcode Date last seen Date last checked out Copy number Price effective from Koha item type
    Dewey Decimal Classification     GRACE BIBLE COLLEGE GRACE BIBLE COLLEGE Theology 2017-09-21 9 235.47 ZOL 005000 2025-05-01 2025-02-19 c.1 2017-09-21 Books
© Grace Bible College Library 2025